Spell the Avenger #2 - Statistics

General Stats
  • This quiz has been taken 15 times
  • The average score is 10 of 11
Answer Stats
Picture Answer % Correct
Iron Fist
100%
Iron Man
100%
Red Hulk
100%
Thor
100%
Echo
93%
Elektra
93%
Hawkeye
93%
Giant-Man
86%
Tigra
71%
White Tiger
71%
Wasp
64%
No matching quizzes found
Score Distribution
Percent of People with Each Score
Percentile by Number Answered
Your Score History
You have not taken this quiz